000 00283nam a2200109Ia 4500
008 200302s9999 xx 000 0 und d
100 _aLucy Peel & Others
245 _aAn Introduction to 20th Century Architecture
260 _bGrange Books Plc Inc.
260 _c1989
300 _a128 P.,
999 _c977
_d977